|
|
|
|
| LEADER |
03809nam a22003973i 4500 |
| 001 |
EBC30365986 |
| 003 |
MiAaPQ |
| 005 |
20231204023229.0 |
| 006 |
m o d | |
| 007 |
cr cnu|||||||| |
| 008 |
231204s2022 xx o ||||0 eng d |
| 020 |
|
|
|a 9783110798098
|q (electronic bk.)
|
| 035 |
|
|
|a (MiAaPQ)EBC30365986
|
| 035 |
|
|
|a (Au-PeEL)EBL30365986
|
| 035 |
|
|
|a (OCoLC)1369646627
|
| 040 |
|
|
|a MiAaPQ
|b eng
|e rda
|e pn
|c MiAaPQ
|d MiAaPQ
|
| 082 |
0 |
|
|a 320.15
|
| 100 |
1 |
|
|a Krüger, Dominique.
|
| 245 |
1 |
0 |
|a Local Self-Governance in Antiquity and in the Global South :
|b Theoretical and Empirical Insights from an Interdisciplinary Perspective.
|
| 250 |
|
|
|a 1st ed.
|
| 264 |
|
1 |
|a Berlin/Boston :
|b Walter de Gruyter GmbH,
|c 2022.
|
| 264 |
|
4 |
|c {copy}2023.
|
| 300 |
|
|
|a 1 online resource (482 pages)
|
| 336 |
|
|
|a text
|b txt
|2 rdacontent
|
| 337 |
|
|
|a computer
|b c
|2 rdamedia
|
| 338 |
|
|
|a online resource
|b cr
|2 rdacarrier
|
| 505 |
0 |
|
|a Intro -- Contents -- Local Self-Governance in Antiquity and in the Global South: An Introduction -- Law, Patronage, and Communication as Pillars of Urban Governance -- I Theory and Interdisciplinary Approaches -- The State and the Good Society: Elements of the Liberal Communitarianism's Political Conception -- Claiming Legitimization: Non-State Violent Local Stakeholders and Power Legitimization of the Maccabees in Judea in the Second Century BCE and the Koglwéogo in Today's Burkina Faso -- Water for the People: Provision and Maintenance of Water Infrastructure in the Context of Weak Statehood in Antiquity and the Modern Era -- Syria and Judea -- Ptolemaic Royal Decrees between Strong and Weak Statehood: Two Ordinances of Ptolemy II on Livestock and Slaves in the Southern Levant -- Honor the King, and His Friends: The Extent of Early Hasmonean Statehood -- Fundamentals of Self-Government in Ancient Jewish Writing 4 Maccabees -- Christian Monasticism as a Facilitator of Local Self-Governance: The Case of sixth-century Gaza -- Italy and North Africa -- Whose Monuments? Italian Urbanism and Roman Interventions (2< -- sup> -- nd< -- /sup> -- -1< -- sup> -- st< -- /sup> -- Century BCE) -- Undermining the Emperor in Late Roman Africa: Corruption, Maladministration, and the View from the Provinces -- Urban Communities and the "Weak" Empire in Roman North Africa (1< -- sup> -- st< -- /sup> -- to 6< -- sup> -- th< -- /sup> -- Century CE) -- III The Global South -- China -- Contested Spaces of Self-Governance? Local Participation in the Context of China's PV Poverty Alleviation Strategy -- Brazil -- Experiences of Local Self-Regulation Legitimation in a South Brazilian Town: Credit Cooperative and Community Higher Education -- Mozambique and Burkina Faso -- A Cat-and-Mouse Game: Urban Street Vending in Maputo, Mozambique.
|
| 505 |
8 |
|
|a Migration in Maputo City and Ethnic Cohesion among Africans: To What Extent Do Ethnic Ties Contribute to Inclusive Growth? -- Local Self-Organisation under Socio-Spatial Pressure: Insights from Rural Karangasso- Vigué (Burkina Faso) and Peri-Urban Maputo (Mozambique) -- Authors -- Index.
|
| 588 |
|
|
|a Description based on publisher supplied metadata and other sources.
|
| 590 |
|
|
|a Electronic reproduction. Ann Arbor, Michigan : ProQuest Ebook Central, 2023. Available via World Wide Web. Access may be limited to ProQuest Ebook Central affiliated libraries.
|
| 655 |
|
4 |
|a Electronic books.
|
| 700 |
1 |
|
|a Mohamad-Klotzbach, Christoph.
|
| 700 |
1 |
|
|a Pfeilschifter, Rene.
|
| 776 |
0 |
8 |
|i Print version:
|a Krüger, Dominique
|t Local Self-Governance in Antiquity and in the Global South
|d Berlin/Boston : Walter de Gruyter GmbH,c2022
|
| 797 |
2 |
|
|a ProQuest (Firm)
|
| 856 |
4 |
0 |
|u https://ebookcentral.proquest.com/lib/matrademy/detail.action?docID=30365986
|z Click to View
|